000 00504nam a2200181Ia 4500
008 090124s9999 xx 000 0 und d
082 _b9580
_a2056
100 _aगावडे रा.बा.
245 _a छाया-प्रकाश
250 _a1
260 _c1957
300 _a88
600 _aगावडे रा.बा.
630 _a छाया-प्रकाश
700 _aगावडे रा.बा.
730 _a छाया-प्रकाश
942 _cBOOK
999 _c123634
_d123634